[Event "18MCRE_F"]
[Site "?"]
[Date "2006.??.??"]
[Round "?"]
[White "Toman, Antonin"]
[Black "Glaser, Karel"]
[Result "1-0"]
[WhiteElo "2248"]
[BlackElo "2159"]
[PlyCount "89"]
[EventDate "2006.??.??"]
[EventType "corr"]

1. e4 e5 2. Nc3 Nf6 3. f4 d5 4. fxe5 Nxe4 5. Nf3 Be7 6. Qe2 f5 7. d3 Nxc3 8.
bxc3 O-O 9. g3 c5 10. Bg2 Nc6 11. h4 h6 12. Bf4 Be6 13. O-O Qe8 14. Rf2 Qh5 15.
Raf1 Rac8 16. d4 b6 17. Bc1 Kh8 18. Bh3 Qg6 19. Kh2 cxd4 20. Nxd4 Nxd4 21. cxd4
Rc3 22. Rg2 Bc8 23. Bb2 Rc4 24. a3 h5 25. Rf3 b5 26. Qd3 Qf7 27. Rgf2 g6 28.
Bf1 Bd7 29. Qd2 Rcc8 30. Rb3 Rb8 31. Qh6+ Qh7 32. Qf4 Rb6 33. Bg2 Be6 34. Rc3
Rfb8 35. Rc7 R6b7 36. Rc6 Rb6 37. Rxe6 Rxe6 38. Bxd5 Reb6 39. Bb3 Qg7 40. d5
Kh7 41. Bd4 Bxa3 42. Bxb6 Rxb6 43. d6 Rb8 44. e6 Bc5 45. Rf1 1-0

[Event "18MCRE_F"]
[Site "?"]
[Date "2006.??.??"]
[Round "?"]
[White "Privoznik, Lubos"]
[Black "Bucek, Jiri"]
[Result "1/2-1/2"]
[WhiteElo "2343"]
[BlackElo "2348"]
[PlyCount "54"]
[EventDate "2006.??.??"]
[EventType "corr"]

1. Nf3 Nf6 2. c4 g6 3. g3 Bg7 4. Bg2 c6 5. d4 d5 6. cxd5 cxd5 7. Nc3 O-O 8. Ne5
e6 9. O-O Nfd7 10. f4 Nc6 11. Be3 Ne7 12. Rc1 a6 13. Qb3 Qb6 14. Qxb6 Nxb6 15.
Bf2 Bd7 16. e4 Rad8 17. b3 Bc8 18. Rfe1 f6 19. Nd3 dxe4 20. Bxe4 f5 21. Bg2
Bxd4 22. Bxd4 Rxd4 23. Nc5 Ned5 24. Nxd5 Nxd5 25. Nxe6 Bxe6 26. Rxe6 Rd8 27.
Ree1 Rd2 1/2-1/2

[Event "18MCRE_F"]
[Site "?"]
[Date "2006.??.??"]
[Round "?"]
[White "Pravec, Ladislav"]
[Black "Bucek, Jiri"]
[Result "1/2-1/2"]
[WhiteElo "2401"]
[BlackElo "2348"]
[PlyCount "46"]
[EventDate "2006.??.??"]
[EventType "corr"]

1. d4 Nf6 2. c4 e6 3. Nf3 d5 4. Nc3 Nbd7 5. cxd5 exd5 6. Bg5 Be7 7. e3 O-O 8.
Bd3 c6 9. Qc2 Re8 10. O-O Nf8 11. h3 g6 12. Rab1 Ne6 13. Bh4 Ng7 14. b4 a6 15.
a4 Bf5 16. b5 axb5 17. axb5 Bxd3 18. Qxd3 Nd7 19. bxc6 bxc6 20. Bxe7 Qxe7 21.
Rfc1 Ne6 22. Qc2 Qd6 23. Ne2 Rec8 1/2-1/2

[Event "18MCRE_F"]
[Site "?"]
[Date "2006.??.??"]
[Round "?"]
[White "Bucek, Jiri"]
[Black "Sochor, Frantisek"]
[Result "1/2-1/2"]
[WhiteElo "2348"]
[BlackElo "2344"]
[PlyCount "53"]
[EventDate "2006.??.??"]
[EventType "corr"]

1. e4 c5 2. Nf3 d6 3. d4 cxd4 4. Nxd4 Nf6 5. Nc3 a6 6. Be3 e5 7. Nb3 Be6 8. Be2
Be7 9. Nd5 Nbd7 10. Qd3 Bxd5 11. exd5 O-O 12. c4 Ne8 13. a4 Bg5 14. a5 Bxe3 15.
Qxe3 f5 16. O-O Nef6 17. f4 Re8 18. fxe5 Rxe5 19. Qd3 Qe7 20. Nd4 g6 21. b4 Re4
22. Bf3 Ne5 23. Qc3 Nxf3+ 24. gxf3 Re3 25. Qd2 Qe5 26. Rae1 f4 27. Rxe3 1/2-1/2

[Event "18MCRE_F"]
[Site "?"]
[Date "2006.??.??"]
[Round "?"]
[White "Postl, Rostislav"]
[Black "Zahour, Jiri"]
[Result "1/2-1/2"]
[WhiteElo "2319"]
[BlackElo "2320"]
[PlyCount "82"]
[EventDate "2006.??.??"]
[EventType "corr"]

1. e4 c5 2. Nf3 Nc6 3. Bb5 e6 4. O-O Nge7 5. Nc3 a6 6. Bxc6 Nxc6 7. d4 cxd4 8.
Nxd4 Be7 9. Nxc6 bxc6 10. e5 O-O 11. Ne4 f6 12. c4 fxe5 13. c5 a5 14. Qc2 Ba6
15. Rd1 Rb8 16. Be3 Qe8 17. Qc3 Rb4 18. f3 Qg6 19. Rxd7 Rxf3 20. Ng3 Rf7 21. a3
Rb8 22. Qxa5 Bg5 23. Rxf7 Bxe3+ 24. Kh1 Qxf7 25. Qxa6 Qb7 26. Qxb7 Rxb7 27. b4
Bd4 28. Rd1 Ra7 29. Rd3 Bb2 30. Ne4 Bxa3 31. Rd6 Bxb4 32. Kg1 Ra2 33. Rxc6 Rc2
34. Kf1 Kf7 35. g4 Rxh2 36. Rb6 Ba5 37. Rb7+ Kg6 38. Re7 Bd8 39. Rd7 Ba5 40.
Ra7 Rh1+ 41. Ke2 Re1+ 1/2-1/2

[Event "18MCRE_F"]
[Site "?"]
[Date "2006.??.??"]
[Round "?"]
[White "Zahour, Jiri"]
[Black "Sochor, Frantisek"]
[Result "1/2-1/2"]
[WhiteElo "2320"]
[BlackElo "2344"]
[PlyCount "78"]
[EventDate "2006.??.??"]
[EventType "corr"]

1. e4 c5 2. Nf3 d6 3. Bb5+ Bd7 4. Bxd7+ Qxd7 5. c4 Nc6 6. d4 cxd4 7. Nxd4 Nf6
8. Nc3 g6 9. f3 Nxd4 10. Qxd4 Bg7 11. Be3 O-O 12. Qd3 Rfc8 13. O-O a6 14. Bd4
e6 15. b3 Rc6 16. f4 e5 17. Be3 b5 18. cxb5 axb5 19. Nxb5 exf4 20. Bd4 d5 21.
exd5 Qxd5 22. a4 Nh5 23. Rad1 Bxd4+ 24. Nxd4 Rd6 25. Qc2 Rad8 26. Rfe1 h6 27.
h3 Qb7 28. Nf3 Rxd1 29. Rxd1 Rc8 30. Qb2 Ng3 31. Ne5 Rc3 32. b4 Qe7 33. Nf3 Rc4
34. b5 Rxa4 35. Kh2 Rb4 36. Rd8+ Qxd8 37. Qxb4 Nf1+ 38. Kg1 Ng3 39. Kh2 Nf1+
1/2-1/2

[Event "18MCRE_F"]
[Site "?"]
[Date "2006.??.??"]
[Round "?"]
[White "Sochor, Frantisek"]
[Black "Laurenc, Petr"]
[Result "1/2-1/2"]
[WhiteElo "2344"]
[BlackElo "2484"]
[PlyCount "65"]
[EventDate "2006.??.??"]
[EventType "corr"]

1. e4 c5 2. Nf3 d6 3. d4 cxd4 4. Nxd4 Nf6 5. Nc3 a6 6. Be2 e5 7. Nb3 Be7 8. O-O
Be6 9. f4 Qc7 10. g4 h6 11. g5 hxg5 12. fxg5 Nh7 13. h4 Nf8 14. Nd5 Qd8 15. Be3
Nbd7 16. Nxe7 Qxe7 17. h5 g6 18. h6 f5 19. gxf6 Nxf6 20. Na5 d5 21. c4 d4 22.
Bg5 N8h7 23. Bh4 O-O-O 24. Qd3 Qf8 25. Qd2 d3 26. Bf3 Bh3 27. Rf2 Qe7 28. Qc3
g5 29. Bg3 Bg4 30. Qxe5 Qxe5 31. Bxe5 Rhe8 32. Bxf6 Nxf6 33. Rd1 1/2-1/2

[Event "18MCRE_F"]
[Site "?"]
[Date "2006.??.??"]
[Round "?"]
[White "Valak, Alois"]
[Black "Brousek, Jiri"]
[Result "1/2-1/2"]
[WhiteElo "2333"]
[BlackElo "2319"]
[PlyCount "114"]
[EventDate "2006.??.??"]
[EventType "corr"]

1. e4 e6 2. d4 d5 3. Nc3 Nf6 4. Bg5 dxe4 5. Nxe4 Be7 6. Bxf6 gxf6 7. Nf3 Rg8 8.
Qd3 f5 9. Nc3 Nd7 10. g3 c6 11. O-O-O Nf6 12. Bh3 Bd7 13. Rhe1 Rf8 14. Qe3 Qa5
15. Nd2 h5 16. Nb3 Qc7 17. Bxf5 O-O-O 18. h4 Nd5 19. Nxd5 cxd5 20. Kb1 Bc6 21.
Bd3 Rh8 22. Rc1 Kb8 23. c4 dxc4 24. Rxc4 Qd6 25. Rc2 Bd5 26. Bc4 Bc6 27. d5
exd5 28. Qxe7 dxc4 29. Qxd6+ Rxd6 30. Rxc4 f5 31. Rd4 Rhd8 32. Rxd6 Rxd6 33.
Kc1 f4 34. Re5 fxg3 35. fxg3 Bf3 36. Kc2 Rd1 37. Re8+ Kc7 38. Re7+ Kc8 39. Nd2
Bg4 40. Ne4 Rg1 41. Kc3 a5 42. Kc4 b6 43. Kb5 Rg2 44. b3 Kd8 45. Ra7 Rxa2 46.
Kxb6 Rb2 47. Nc5 Rg2 48. Nb7+ Ke7 49. Nxa5+ Kf6 50. Nc6 Rxg3 51. b4 Rh3 52. b5
Rxh4 53. Kc7 Bf3 54. Ra3 Be4 55. b6 Rg4 56. Ra8 Rg7+ 57. Kd6 h4 1/2-1/2

[Event "18MCRE_F"]
[Site "?"]
[Date "2006.??.??"]
[Round "?"]
[White "Bucek, Jiri"]
[Black "Prepiora, Vaclav"]
[Result "1/2-1/2"]
[WhiteElo "2348"]
[BlackElo "2414"]
[PlyCount "83"]
[EventDate "2006.??.??"]
[EventType "corr"]

1. e4 c5 2. Nf3 Nc6 3. d4 cxd4 4. Nxd4 Nf6 5. Nc3 d6 6. Bg5 e6 7. Qd2 Be7 8.
O-O-O O-O 9. f4 Nxd4 10. Qxd4 Qa5 11. Bc4 h6 12. Bh4 e5 13. fxe5 dxe5 14. Qd3
Bg4 15. Bxf6 Bxf6 16. Rdf1 Bh4 17. h3 Rad8 18. Nd5 Be6 19. g3 Bg5+ 20. Kb1 Qc5
21. h4 Be7 22. g4 b5 23. Bb3 a5 24. g5 h5 25. a3 Kh8 26. Rhg1 a4 27. Ba2 Bxd5
28. Bxd5 b4 29. g6 Qb6 30. gxf7 bxa3 31. Qc3 g6 32. Qxe5+ Kh7 33. Rg2 Qxb2+ 34.
Qxb2 axb2 35. c4 a3 36. e5 Rb8 37. Be4 Rb6 38. Rfg1 Kg7 39. Rxg6+ Rxg6 40. Bxg6
Bxh4 41. Bxh5+ Kh6 42. Rg8 1/2-1/2

[Event "18MCRE_F"]
[Site "?"]
[Date "2006.??.??"]
[Round "?"]
[White "Brousek, Jiri"]
[Black "Bucek, Jiri"]
[Result "1/2-1/2"]
[WhiteElo "2319"]
[BlackElo "2348"]
[PlyCount "46"]
[EventDate "2006.??.??"]
[EventType "corr"]

1. d4 Nf6 2. Nf3 e6 3. e3 c5 4. Bd3 Nc6 5. O-O d5 6. b3 Be7 7. dxc5 Nd7 8. Bb2
O-O 9. c3 Nxc5 10. Bc2 f5 11. Nbd2 Bf6 12. Nd4 Bd7 13. c4 Nb4 14. cxd5 exd5 15.
Ba3 a5 16. N2f3 Ne4 17. Rc1 Rc8 18. Bb1 Rxc1 19. Qxc1 Qb6 20. Bb2 Rc8 21. Qd1
g6 22. a3 Na6 23. Re1 Nac5 1/2-1/2

[Event "18MCRE_F"]
[Site "?"]
[Date "2006.??.??"]
[Round "?"]
[White "Postl, Rostislav"]
[Black "Nejtek, Jiri"]
[Result "1/2-1/2"]
[WhiteElo "2319"]
[BlackElo "2360"]
[PlyCount "48"]
[EventDate "2006.??.??"]
[EventType "corr"]

1. e4 c5 2. Nf3 d6 3. d4 cxd4 4. Nxd4 Nf6 5. Nc3 a6 6. Be3 e6 7. Be2 Be7 8. O-O
Nc6 9. a3 O-O 10. f4 Qc7 11. Kh1 Re8 12. Qd3 Bd7 13. Nb3 b5 14. Bf3 b4 15. axb4
Nxb4 16. Qd2 e5 17. Na5 Rab8 18. h3 Bf8 19. Be2 Red8 20. Bc4 Bb5 21. Bxb5 axb5
22. Nb3 Qc4 23. Na5 Qc7 24. Nb3 Qc4 1/2-1/2

[Event "18MCRE_F"]
[Site "?"]
[Date "2006.??.??"]
[Round "?"]
[White "Sochor, Frantisek"]
[Black "Zatrapa, Petr"]
[Result "1/2-1/2"]
[WhiteElo "2344"]
[BlackElo "2321"]
[PlyCount "49"]
[EventDate "2006.??.??"]
[EventType "corr"]

1. e4 e5 2. Nf3 Nf6 3. Nc3 Nc6 4. Bb5 Nd4 5. O-O Nxb5 6. Nxb5 c6 7. Nc3 d6 8.
d4 Qc7 9. Bg5 Be7 10. h3 h6 11. Bh4 O-O 12. Bg3 Nd7 13. Qd2 Re8 14. Rfd1 Bf8
15. Qe3 exd4 16. Qxd4 Ne5 17. Nd2 f5 18. Nc4 c5 19. Nb5 Qc6 20. Nxe5 Qxb5 21.
Qc4+ Qxc4 22. Nxc4 f4 23. Bh2 Rxe4 24. Nxd6 Bxd6 25. Rxd6 1/2-1/2

[Event "18MCRE_F"]
[Site "?"]
[Date "2006.??.??"]
[Round "?"]
[White "Sykora, Josef"]
[Black "Zahour, Jiri"]
[Result "1-0"]
[WhiteElo "2389"]
[BlackElo "2320"]
[PlyCount "63"]
[EventDate "2006.??.??"]
[EventType "corr"]

1. e4 c5 2. Nf3 Nc6 3. d4 cxd4 4. Nxd4 Nf6 5. Nc3 e5 6. Ndb5 d6 7. Bg5 a6 8.
Na3 b5 9. Nd5 Be7 10. Bxf6 Bxf6 11. c3 Bg5 12. Nc2 O-O 13. a4 bxa4 14. Rxa4 a5
15. Bc4 Rb8 16. Ra2 Kh8 17. Nce3 g6 18. h4 Bxh4 19. g3 Bg5 20. f4 exf4 21. gxf4
Bh4+ 22. Kd2 Re8 23. Qf3 Bf6 24. Kc1 Bg7 25. b3 h6 26. Rah2 a4 27. Qg2 Kg8 28.
Rxh6 Bxh6 29. Rxh6 Kg7 30. f5 Kxh6 31. Qh2+ Kg7 32. f6+ 1-0

[Event "18MCRE_F"]
[Site "?"]
[Date "2006.??.??"]
[Round "?"]
[White "Prchly, Milos"]
[Black "Zahour, Jiri"]
[Result "1/2-1/2"]
[WhiteElo "2269"]
[BlackElo "2320"]
[PlyCount "63"]
[EventDate "2006.??.??"]
[EventType "corr"]

1. d4 Nf6 2. c4 g6 3. Nc3 d5 4. cxd5 Nxd5 5. e4 Nxc3 6. bxc3 Bg7 7. Bc4 c5 8.
Ne2 Nc6 9. Be3 O-O 10. O-O Bg4 11. f3 Na5 12. Bd3 cxd4 13. cxd4 Be6 14. Rc1
Bxa2 15. Qa4 Be6 16. d5 Bd7 17. Qb4 e6 18. Nc3 exd5 19. Nxd5 Be6 20. Rfd1 Bxd5
21. exd5 Re8 22. Bf4 Be5 23. Bxe5 Rxe5 24. d6 Rd5 25. Be2 Rxd1+ 26. Rxd1 Qb6+
27. Qxb6 axb6 28. Rb1 Rd8 29. Rxb6 Nc6 30. Rxb7 Rxd6 31. Kf2 Kg7 32. h4 1/2-1/2

[Event "18MCRE_F"]
[Site "?"]
[Date "2006.??.??"]
[Round "?"]
[White "Zatrapa, Petr"]
[Black "Prepiora, Vaclav"]
[Result "1/2-1/2"]
[WhiteElo "2321"]
[BlackElo "2414"]
[PlyCount "57"]
[EventDate "2006.??.??"]
[EventType "corr"]

1. e4 c5 2. Nf3 Nc6 3. d4 cxd4 4. Nxd4 Nf6 5. Nc3 d6 6. Bg5 e6 7. Qd2 Be7 8.
O-O-O O-O 9. f4 Nxd4 10. Qxd4 Qa5 11. Kb1 h6 12. h4 Rd8 13. Bd3 e5 14. Qe3 exf4
15. Bxf4 Bg4 16. Rde1 Be6 17. Nd5 Nxd5 18. exd5 Qxd5 19. c4 Qc6 20. Bxh6 Bf8
21. Bg5 Re8 22. Qe4 Qxe4 23. Bxe4 Bxc4 24. Bxb7 Rxe1+ 25. Rxe1 Rb8 26. Bf3 Be6
27. Rd1 Rb5 28. b3 d5 29. Kb2 1/2-1/2

[Event "18MCRE_F"]
[Site "?"]
[Date "2006.??.??"]
[Round "?"]
[White "Brousek, Jiri"]
[Black "Privoznik, Lubos"]
[Result "0-1"]
[WhiteElo "2319"]
[BlackElo "2343"]
[PlyCount "68"]
[EventDate "2006.??.??"]
[EventType "corr"]

1. d4 Nf6 2. Nf3 g6 3. Nc3 Bg7 4. e4 d6 5. Be3 O-O 6. Be2 b6 7. O-O Bb7 8. Qd3
c5 9. d5 Na6 10. Rad1 Nc7 11. Ng5 Qd7 12. f3 Nh5 13. Qd2 b5 14. a3 a5 15. b3
Ba6 16. Nb1 b4 17. Bxa6 Nxa6 18. a4 c4 19. Qe2 c3 20. f4 Nf6 21. f5 h6 22. Nh3
Nxe4 23. Bxh6 Nac5 24. Bxg7 Kxg7 25. Rf4 Nf6 26. Rf3 e6 27. dxe6 fxe6 28. fxg6
Nce4 29. Re1 d5 30. Ref1 e5 31. Qd3 Qa7+ 32. Kh1 Qa6 33. Qxa6 Rxa6 34. Rf5 Re8
0-1

[Event "18MCRE_F"]
[Site "?"]
[Date "2006.??.??"]
[Round "?"]
[White "Sykora, Josef"]
[Black "Prchly, Milos"]
[Result "1/2-1/2"]
[WhiteElo "2389"]
[BlackElo "2269"]
[PlyCount "49"]
[EventDate "2006.??.??"]
[EventType "corr"]

1. e4 e5 2. Nf3 Nf6 3. Nxe5 d6 4. Nf3 Nxe4 5. d4 d5 6. Bd3 Be7 7. O-O Nc6 8. c4
Nb4 9. Be2 O-O 10. Nc3 Be6 11. Be3 Bf5 12. Rc1 dxc4 13. Bxc4 c6 14. Ne5 Nxc3
15. bxc3 Nd5 16. Qf3 Be6 17. Bd2 Re8 18. Rfe1 Bg5 19. Bxg5 Qxg5 20. g3 Re7 21.
Bb3 Rae8 22. h4 Qf5 23. Qxf5 Bxf5 24. c4 Nc7 25. Rcd1 1/2-1/2

[Event "18MCRE_F"]
[Site "?"]
[Date "2006.??.??"]
[Round "?"]
[White "Firla, Stanislav"]
[Black "Sykora, Josef"]
[Result "1/2-1/2"]
[WhiteElo "2362"]
[BlackElo "2389"]
[PlyCount "56"]
[EventDate "2006.??.??"]
[EventType "corr"]

1. e4 c6 2. d4 d5 3. Nd2 dxe4 4. Nxe4 Nd7 5. Ng5 Ngf6 6. Bd3 e6 7. N1f3 Bd6 8.
Qe2 h6 9. Ne4 Nxe4 10. Qxe4 Qc7 11. O-O b6 12. Qg4 Kf8 13. b3 Bb7 14. Bb2 Nf6
15. Qh4 Nd5 16. Rfe1 Nf4 17. Ne5 g6 18. Qg4 Rg8 19. Qf3 Rd8 20. Rad1 c5 21. Be4
Bxe4 22. Qxe4 f5 23. Qf3 Bxe5 24. dxe5 Rxd1 25. Rxd1 Kf7 26. h4 Rd8 27. Rxd8
Qxd8 28. Bc1 Qd5 1/2-1/2

[Event "18MCRE_F"]
[Site "?"]
[Date "2006.??.??"]
[Round "?"]
[White "Bucek, Jiri"]
[Black "Postl, Rostislav"]
[Result "1/2-1/2"]
[WhiteElo "2348"]
[BlackElo "2319"]
[PlyCount "65"]
[EventDate "2006.??.??"]
[EventType "corr"]

1. e4 c5 2. Nf3 d6 3. d4 cxd4 4. Nxd4 Nf6 5. Nc3 a6 6. Bg5 e6 7. f4 Qb6 8. Nb3
Be7 9. Qf3 Nbd7 10. Rd1 Qc7 11. a3 O-O 12. Bd3 h6 13. Bh4 Rd8 14. O-O b5 15.
Bf2 Bb7 16. Bd4 Nc5 17. Qg3 Rac8 18. e5 dxe5 19. Bxe5 Qb6 20. Nxc5 Qxc5+ 21.
Kh1 Nh5 22. Qh3 Nf6 23. Rde1 Nd7 24. Ne4 Bxe4 25. Rxe4 Bf6 26. b4 Qa7 27. Qh5
Rc6 28. Re2 Rcc8 29. Qg4 Qb7 30. Qg3 Qc6 31. Qf3 g6 32. Re4 Bg7 33. Bxg7
1/2-1/2

[Event "18MCRE_F"]
[Site "?"]
[Date "2006.??.??"]
[Round "?"]
[White "Valak, Alois"]
[Black "Nejtek, Jiri"]
[Result "1/2-1/2"]
[WhiteElo "2333"]
[BlackElo "2360"]
[PlyCount "50"]
[EventDate "2006.??.??"]
[EventType "corr"]

1. e4 c5 2. Nf3 d6 3. Bb5+ Bd7 4. Bxd7+ Qxd7 5. O-O Nc6 6. d4 cxd4 7. Nxd4 Nf6
8. Re1 g6 9. Nxc6 bxc6 10. b3 Bg7 11. Bb2 O-O 12. c4 Rfd8 13. Nc3 Ne8 14. Qc2
Nc7 15. Rad1 Ne6 16. Na4 Bxb2 17. Nxb2 d5 18. f3 Nd4 19. Qf2 e5 20. Na4 Rf8 21.
Nc3 f5 22. Qg3 Nc2 23. Re2 Nd4 24. Red2 fxe4 25. Nxe4 a5 1/2-1/2

[Event "18MCRE_F"]
[Site "?"]
[Date "2006.??.??"]
[Round "?"]
[White "Pravec, Ladislav"]
[Black "Toman, Antonin"]
[Result "1/2-1/2"]
[WhiteElo "2401"]
[BlackElo "2248"]
[PlyCount "79"]
[EventDate "2006.??.??"]
[EventType "corr"]

1. d4 d5 2. c4 e6 3. Nc3 Nf6 4. Nf3 c6 5. e3 Nbd7 6. Bd3 dxc4 7. Bxc4 b5 8. Bd3
Bb7 9. O-O a6 10. e4 c5 11. d5 c4 12. dxe6 fxe6 13. Bc2 Qc7 14. Ng5 Nc5 15. e5
Qxe5 16. Re1 Qd6 17. Qxd6 Bxd6 18. Be3 O-O 19. Rad1 Be7 20. Bxc5 Bxc5 21. Nxe6
Rfc8 22. h3 Bf8 23. g3 Bb4 24. a3 Ba5 25. Nxg7 Bf3 26. Rd6 Kxg7 27. Re7+ Kf8
28. Re3 Rc6 29. Rxc6 Bxc6 30. Re6 Nd5 31. Rxc6 Nxc3 32. bxc3 Ra7 33. Rf6+ Kg7
34. Rf3 Rf7 35. Bf5 Bb6 36. Kf1 Rc7 37. Bc2 Rd7 38. Ke2 Re7+ 39. Kd2 Re6 40. a4
1/2-1/2

[Event "18MCRE_F"]
[Site "?"]
[Date "2006.??.??"]
[Round "?"]
[White "Kuta, Jiri"]
[Black "Bucek, Jiri"]
[Result "1/2-1/2"]
[WhiteElo "2310"]
[BlackElo "2348"]
[PlyCount "66"]
[EventDate "2006.??.??"]
[EventType "corr"]

1. d4 Nf6 2. c4 g6 3. Nc3 d5 4. cxd5 Nxd5 5. e4 Nxc3 6. bxc3 Bg7 7. Nf3 c5 8.
Rb1 O-O 9. Be2 b6 10. O-O Bb7 11. Qd3 Qc7 12. Bg5 Nd7 13. Qe3 Nf6 14. d5 Ng4
15. Qd2 Ne5 16. Rfe1 Nxf3+ 17. Bxf3 Be5 18. g3 Rad8 19. Be2 Bc8 20. a4 f6 21.
Be3 Bd6 22. a5 bxa5 23. Qa2 Bd7 24. Ra1 a4 25. Bd1 a3 26. Qxa3 Ra8 27. Ba4 Bxa4
28. Qxa4 Rfb8 29. Kg2 Kg7 30. Reb1 Rxb1 31. Rxb1 Rb8 32. Ra1 Rb7 33. Qc2 Qb6
1/2-1/2

[Event "18MCRE_F"]
[Site "?"]
[Date "2006.??.??"]
[Round "?"]
[White "Valak, Alois"]
[Black "Pytlik, Lesek"]
[Result "1/2-1/2"]
[WhiteElo "2333"]
[BlackElo "2387"]
[PlyCount "61"]
[EventDate "2006.??.??"]
[EventType "corr"]

1. e4 d6 2. d4 Nf6 3. Nc3 g6 4. Be3 Bg7 5. Qd2 c6 6. f3 b5 7. Bd3 Nbd7 8. Nge2
a6 9. Nd1 Bb7 10. O-O O-O 11. a4 e5 12. c3 d5 13. Nf2 Re8 14. Ng3 Qe7 15. Bh6
Bxh6 16. Qxh6 dxe4 17. fxe4 Qd6 18. Qg5 Kh8 19. Ne2 c5 20. d5 c4 21. Bc2 Nc5
22. Ng3 Rf8 23. Qe3 Kg7 24. Qg5 Kh8 25. Nd1 Ng8 26. Ne3 f6 27. Qg4 Bc8 28. Qh4
Rb8 29. Kh1 Bd7 30. Rf3 Nxa4 31. Bxa4 1/2-1/2

[Event "18MCRE_F"]
[Site "?"]
[Date "2006.??.??"]
[Round "?"]
[White "Postl, Rostislav"]
[Black "Toman, Antonin"]
[Result "1/2-1/2"]
[WhiteElo "2319"]
[BlackElo "2248"]
[PlyCount "117"]
[EventDate "2006.??.??"]
[EventType "corr"]

1. e4 e5 2. Nf3 Nc6 3. Bb5 a6 4. Ba4 Nf6 5. O-O Be7 6. Re1 b5 7. Bb3 O-O 8. a4
Bb7 9. d3 d6 10. Nc3 Na5 11. Ba2 b4 12. Ne2 c5 13. Ng3 Rb8 14. Nd2 Bc8 15. Nc4
Bg4 16. f3 Be6 17. Nxa5 Qxa5 18. Bc4 Rfd8 19. Qe2 Nd7 20. Bxe6 fxe6 21. f4 exf4
22. Bxf4 Rf8 23. Rf1 Qb6 24. Qg4 Rf6 25. Kh1 Rbf8 26. Qh3 b3 27. c4 Qc6 28. Nh5
Rg6 29. a5 d5 30. exd5 exd5 31. Rae1 Bd8 32. Kg1 Bf6 33. Nxf6+ Rgxf6 34. g3
dxc4 35. dxc4 R8f7 36. Qg2 Qxg2+ 37. Kxg2 g5 38. Bxg5 Rxf1 39. Rxf1 Rxf1 40.
Kxf1 Ne5 41. Bf6 Nxc4 42. Ke2 Kf7 43. Kd3 Nxa5 44. Bc3 Nb7 45. Kc4 Ke6 46. Kxb3
Kd5 47. g4 Nd6 48. Bg7 Nc4 49. h3 Na5+ 50. Kc3 Nc4 51. g5 Ne3 52. Kb3 Ke6 53.
Bc3 Kf5 54. Ka4 Nd1 55. Ka5 Kxg5 56. Kxa6 Kh4 57. Kb5 Nxc3+ 58. bxc3 Kxh3 59.
Kxc5 1/2-1/2

[Event "18MCRE_F"]
[Site "?"]
[Date "2006.??.??"]
[Round "?"]
[White "Valak, Alois"]
[Black "Pravec, Ladislav"]
[Result "1-0"]
[WhiteElo "2333"]
[BlackElo "2401"]
[PlyCount "51"]
[EventDate "2006.??.??"]
[EventType "corr"]

1. e4 c5 2. Nf3 d6 3. d4 cxd4 4. Nxd4 Nf6 5. Nc3 a6 6. Be2 g6 7. O-O Bg7 8. Bg5
O-O 9. Kh1 Nc6 10. f4 Nxd4 11. Qxd4 Be6 12. Qe3 Rc8 13. f5 Bd7 14. Rad1 b5 15.
Bd3 Bc6 16. Rde1 Qc7 17. Qh3 Rfe8 18. Qh4 Qb7 19. Rf3 b4 20. Nd1 Nh5 21. fxg6
fxg6 22. Ne3 Bxb2 23. Nf5 Bc3 24. Ree3 Rc7 25. Bc4+ Kh8 26. Bf7 1-0

[Event "18MCRE_F"]
[Site "?"]
[Date "2006.??.??"]
[Round "?"]
[White "Glaser, Karel"]
[Black "Laurenc, Petr"]
[Result "1-0"]
[WhiteElo "2159"]
[BlackElo "2484"]
[PlyCount "65"]
[EventDate "2006.??.??"]
[EventType "corr"]

1. e4 c5 2. Nf3 d6 3. d4 cxd4 4. Nxd4 Nf6 5. Nc3 a6 6. Be3 e5 7. Nb3 Be6 8. f3
Nbd7 9. g4 b5 10. g5 b4 11. Ne2 Nh5 12. Qd2 a5 13. Ng3 Nxg3 14. hxg3 a4 15. Nc1
Qa5 16. f4 f6 17. f5 Bg8 18. Nd3 d5 19. exd5 Bxd5 20. Rh4 fxg5 21. Bxg5 e4 22.
Nf4 Bc6 23. Ne6 a3 24. Bb5 axb2 25. Rd1 Bxb5 26. Rxe4 b3 27. c3 Bd3 28. Qxd3
Ne5 29. Nc5 Be7 30. Rxe5 O-O 31. Qc4+ Kh8 32. Rxe7 Rfd8 33. Bd2 1-0

[Event "18MCRE_F"]
[Site "?"]
[Date "2006.??.??"]
[Round "?"]
[White "Postl, Rostislav"]
[Black "Kuta, Jiri"]
[Result "1/2-1/2"]
[WhiteElo "2319"]
[BlackElo "2310"]
[PlyCount "78"]
[EventDate "2006.??.??"]
[EventType "corr"]

1. e4 c5 2. Nf3 Nc6 3. Bb5 Nf6 4. Nc3 Qc7 5. O-O Nd4 6. Re1 a6 7. Bf1 Ng4 8. g3
Nxf3+ 9. Qxf3 Ne5 10. Qe2 e6 11. d3 d6 12. Bg5 h6 13. Be3 Be7 14. Bg2 Nc6 15.
f4 Bd7 16. Qf2 b6 17. Rf1 O-O 18. Qd2 Rab8 19. Kh1 b5 20. a3 a5 21. a4 bxa4 22.
Nxa4 Nd4 23. b3 Bf6 24. Ra2 Rfd8 25. Qf2 Bb5 26. Bd2 Rf8 27. Nb2 Nc6 28. e5
dxe5 29. Qxc5 Be7 30. Qf2 exf4 31. Bxf4 e5 32. Bd2 Nb4 33. Bxb4 Bxb4 34. Nd1
Rb6 35. Qe2 Bd7 36. Ne3 Rbb8 37. g4 Be6 38. Be4 Qd7 39. Bf5 Rbd8 1/2-1/2

[Event "18MCRE_F"]
[Site "?"]
[Date "2006.??.??"]
[Round "?"]
[White "Zahour, Jiri"]
[Black "Brousek, Jiri"]
[Result "0-1"]
[WhiteElo "2320"]
[BlackElo "2319"]
[PlyCount "137"]
[EventDate "2006.??.??"]
[EventType "corr"]

1. e4 e6 2. d4 d5 3. Nd2 Nf6 4. e5 Nfd7 5. Bd3 c5 6. c3 Nc6 7. Ne2 cxd4 8. cxd4
Qb6 9. Nf3 Bb4+ 10. Kf1 Be7 11. a4 O-O 12. Qc2 f5 13. Bd2 Ndb8 14. g4 Na6 15.
a5 Qd8 16. Bxa6 fxg4 17. Ne1 Bh4 18. Nf4 Qg5 19. Qc3 Bd7 20. Be2 Rxf4 21. Nd3
Rxf2+ 22. Nxf2 Qf5 23. Qe3 Rf8 24. Be1 h5 25. Rd1 Nxa5 26. b3 Nxb3 27. Kg2 Na5
28. Ra1 Nc4 29. Qd3 Qg5 30. Nd1 Bxe1 31. Rxe1 a5 32. Rf1 Rxf1 33. Bxf1 b5 34.
Ra2 Be8 35. Kg1 b4 36. Qc2 Bg6 37. Bd3 Kh7 38. Kf1 Bxd3+ 39. Qxd3+ Kh6 40. Ke1
h4 41. Kf1 b3 42. Qxb3 Nd2+ 43. Rxd2 Qxd2 44. Nf2 Qxd4 45. Qb8 Kh7 46. Qb1+ Kg8
47. Qb8+ Kf7 48. Qd6 Qa1+ 49. Ke2 Qb2+ 50. Ke3 Qc1+ 51. Ke2 Qc2+ 52. Ke3 Qf5
53. Nd3 g5 54. Qd7+ Kg6 55. Qc8 Qf7 56. Qc2 Kh5 57. Qa4 h3 58. Kd2 Kh4 59. Qd4
Qf5 60. Qb6 g3 61. hxg3+ Kxg3 62. Qg1+ Kh4 63. Qe1+ Kh5 64. Qe3 g4 65. Qg3 Kg5
66. Qe3+ Kh4 67. Qh6+ Kg3 68. Qe3+ Qf3 69. Qe1+ 0-1

[Event "18MCRE_F"]
[Site "?"]
[Date "2006.??.??"]
[Round "?"]
[White "Firla, Stanislav"]
[Black "Glaser, Karel"]
[Result "1/2-1/2"]
[WhiteElo "2362"]
[BlackElo "2159"]
[PlyCount "73"]
[EventDate "2006.??.??"]
[EventType "corr"]

1. d4 Nf6 2. c4 e6 3. Nc3 d5 4. cxd5 exd5 5. Bg5 c6 6. e3 h6 7. Bh4 Be7 8. Qc2
Be6 9. Bd3 Nh5 10. Bxe7 Qxe7 11. Nge2 Nd7 12. h3 O-O 13. g4 Nhf6 14. O-O-O b5
15. Kb1 Rfc8 16. f4 b4 17. f5 bxc3 18. Nxc3 Bxf5 19. Bxf5 Rcb8 20. e4 Nb6 21.
e5 Nfd7 22. Qc1 a5 23. Rh2 a4 24. Rg2 Nf8 25. g5 h5 26. Ne2 Nc4 27. Nf4 g6 28.
Bd3 a3 29. b3 Ne6 30. Nxe6 Qxe6 31. Rf2 Nb2 32. Rf6 Qxh3 33. Bf5 Qh4 34. Qxc6
Nxd1 35. Rxg6+ fxg6 36. Qxg6+ Kf8 37. Qd6+ 1/2-1/2

[Event "18MCRE_F"]
[Site "?"]
[Date "2006.??.??"]
[Round "?"]
[White "Privoznik, Lubos"]
[Black "Glaser, Karel"]
[Result "1-0"]
[WhiteElo "2343"]
[BlackElo "2159"]
[PlyCount "57"]
[EventDate "2006.??.??"]
[EventType "corr"]

1. Nf3 Nf6 2. c4 e6 3. Nc3 d5 4. d4 c6 5. Bg5 h6 6. Bxf6 Qxf6 7. Qc2 Nd7 8. e4
Qg6 9. O-O-O dxc4 10. Bxc4 Bb4 11. Rhg1 Bxc3 12. bxc3 O-O 13. g4 b5 14. Bd3 Qf6
15. Rg3 e5 16. g5 hxg5 17. Qd2 exd4 18. cxd4 Qf4 19. Rxg5 Qxd2+ 20. Kxd2 f6 21.
Rg3 Nb6 22. Rc1 Bd7 23. h4 Rad8 24. Rcg1 Rf7 25. e5 Kf8 26. Bg6 Re7 27. exf6
gxf6 28. h5 Nd5 29. h6 1-0